[Event "2014 Heroes Day Masters"]
[Site "?"]
[Date "2014.04.30"]
[Round "8"]
[White "Amanov, Mesgen"]
[Black "L'Ami, Alina"]
[Result "0-1"]
[WhiteElo "2463"]
[BlackElo "2415"]
[PlyCount "80"]
[EventDate "2014.04.26"]
[SourceDate "2014.04.30"]

1. d4 Nf6 2. Nf3 g6 3. c4 Bg7 4. g3 O-O 5. Bg2 d6 6. Nc3 Nc6 7. O-O Bf5 8. d5
Na5 9. Nd2 c6 10. b4 Nxc4 11. Nxc4 Nxd5 12. Nxd5 Bxa1 13. Bh6 Bg7 14. Bxg7 Kxg7
15. Nf4 e5 16. e4 Bxe4 17. Bxe4 exf4 18. Nxd6 Qe7 19. Qd4+ Kg8 20. Bc2 Rad8 21.
Rd1 f3 22. Bb3 h6 23. h4 Kh7 24. h5 Rd7 25. Bc2 Rfd8 26. hxg6+ fxg6 27. Bxg6+
Kxg6 28. Qd3+ Kg7 29. Qd4+ Kh7 30. Qd3+ Kh8 31. Qd4+ Qg7 32. Qf4 Kh7 33. Rd4
Qg5 34. Qe4+ Qg6 35. Qxg6+ Kxg6 36. Rg4+ Kh7 37. Ne4 Rf8 38. a4 Rd1+ 39. Kh2 h5
40. Rg5 Rd5 0-1

[Event "2014 Heroes Day Masters"]
[Site "?"]
[Date "2014.04.30"]
[Round "8"]
[White "Harper, Ryan"]
[Black "Farley, Terry"]
[Result "0-1"]
[WhiteElo "2293"]
[BlackElo "2213"]
[PlyCount "152"]
[EventDate "2014.04.26"]
[SourceDate "2014.05.01"]

1. e4 c5 2. Nf3 d6 3. Bb5+ Bd7 4. a4 Nf6 5. e5 dxe5 6. Nxe5 Bxb5 7. axb5 Qd5 8.
Nf3 Qe4+ 9. Qe2 Qxc2 10. Nc3 e6 11. Ne5 Nbd7 12. Nxd7 Nxd7 13. Qf3 Rb8 14. O-O
Bd6 15. Rxa7 O-O 16. Ra4 Ne5 17. Qe4 Nd3 18. Rc4 Rfd8 19. g3 Be5 20. Na4 f5 21.
Qh4 Qb1 22. Nxc5 Bf6 23. Qh5 Rbc8 24. b4 b6 25. Nxe6 Rxc4 26. Nxd8 g6 27. Qe2
Re4 28. Qf3 Bxd8 29. Bb2 Qc2 30. Bc3 Ne1 31. Qh1 Qd3 32. h3 Bg5 33. Kh2 Nf3+
34. Kg2 Re2 35. Ra1 Qe4 36. d3 Qd5 37. h4 Be3 38. Rf1 Bxf2 39. Rxf2 Nxh4+ 40.
Kg1 Qxh1+ 41. Kxh1 Rxf2 42. gxh4 Rf3 43. Bd4 Rxd3 44. Bxb6 Rd5 45. Bc5 Kf7 46.
b6 Rd7 47. Kg2 Kf6 48. Be3 Ke5 49. Kf3 Rf7 50. Bf4+ Kd5 51. Be3 Kc4 52. Bc5 h6
53. Kf4 Kd5 54. Bf2 Re7 55. h5 Re4+ 56. Kf3 g5 57. Bc5 Re8 58. Bf2 Kc6 59. Bd4
Re4 60. Bg7 Rh4 61. Bxh6 Rxh5 62. Bf8 Rh3+ 63. Kg2 Rh7 64. Bc5 Rb7 65. Kf3 Rxb6
66. Be7 g4+ 67. Kf4 Rb5 68. Bh4 Rd5 69. Be1 Kb5 70. Kg5 Rd1 71. Bg3 Rf1 72. Bd6
Rf3 73. Kh4 Rh3+ 74. Kg5 g3 75. Kf4 g2 76. Bc5 Rh1 0-1

[Event "2014 Heroes Day Masters"]
[Site "?"]
[Date "2014.05.01"]
[Round "9"]
[White "Warner, Delisle"]
[Black "Farley, Terry"]
[Result "1/2-1/2"]
[WhiteElo "2192"]
[BlackElo "2213"]
[PlyCount "140"]
[EventDate "2014.04.26"]
[SourceDate "2014.05.01"]

1. d4 Nf6 2. c4 g6 3. f3 Bg7 4. e4 d6 5. Nc3 O-O 6. Nge2 Nc6 7. Be3 a6 8. Qd2
Rb8 9. Rb1 b5 10. cxb5 axb5 11. b4 Bd7 12. d5 Ne5 13. Nd4 Qe8 14. Be2 e6 15.
dxe6 fxe6 16. O-O d5 17. Nb3 Nc4 18. Bxc4 dxc4 19. Nc5 Bc6 20. Rfd1 Qe7 21. Qc2
Rfd8 22. Rxd8+ Rxd8 23. a4 bxa4 24. b5 Bd7 25. N3xa4 Ne8 26. Qxc4 Nd6 27. Qb3
Bxb5 28. Qxe6+ Qf7 29. Qxf7+ Kxf7 30. Nb7 Ra8 31. Nxd6+ cxd6 32. Rxb5 Rxa4 33.
Rb7+ Kg8 34. Ra7 Rxa7 35. Bxa7 Kf7 36. Kf2 Ke6 37. Ke3 d5 38. f4 dxe4 39. Kxe4
h5 40. g3 Bf6 41. h3 Bc3 42. Bd4 Be1 43. g4 hxg4 44. hxg4 Bg3 45. Bc3 Bf2 46.
Bg7 Bc5 47. Bh6 Be7 48. Kd4 Bd6 49. Kc4 Be7 50. Kd4 Bd6 51. Kc4 Bc7 52. Kc5
Bd6+ 53. Kc6 Ba3 54. Kc7 Kf7 55. Kd7 Bb2 56. Bg5 Bc3 57. Be7 Bd2 58. Bd6 Bc1
59. Be5 Bd2 60. Kd6 Bc1 61. Kd5 Bd2 62. Bc7 Bc1 63. Ke5 Bb2+ 64. Kd5 Bc1 65.
Bb8 Bb2 66. Ba7 Bc1 67. Ke5 Bb2+ 68. Bd4 Bc1 69. f5 gxf5 70. Kxf5 Kg8 1/2-1/2

[Event "2014 Heroes Day Masters"]
[Site "?"]
[Date "2014.05.01"]
[Round "9"]
[White "Denny, Kevin"]
[Black "L'Ami, Alina"]
[Result "0-1"]
[WhiteElo "2295"]
[BlackElo "2415"]
[PlyCount "68"]
[EventDate "2014.04.26"]
[SourceDate "2014.05.01"]

1. e4 c5 2. Nc3 d6 3. f4 g6 4. d4 cxd4 5. Qxd4 Nf6 6. Bd3 Nc6 7. Qf2 Ng4 8. Qg3
h5 9. Nf3 e5 10. f5 gxf5 11. exf5 Rg8 12. Bd2 Nb4 13. O-O Nxd3 14. cxd3 Bxf5
15. d4 Be7 16. Nd5 h4 17. Qe1 h3 18. g3 Bd3 19. Ba5 b6 20. Bc3 f5 21. Rd1 Bxf1
22. Qxf1 e4 23. Ne5 dxe5 24. Qb5+ Qd7 25. Nc7+ Kd8 26. Qc4 Ne3 27. Ne6+ Ke8 28.
Nc7+ Kf8 29. Ne6+ Kf7 30. Nd8+ Kg7 31. Qf7+ Kh6 32. Bd2 Raxd8 33. Bxe3+ f4 34.
Bc1 Bg5 0-1

[Event "2014 Heroes Day Masters"]
[Site "?"]
[Date "2014.05.01"]
[Round "9"]
[White "Harper, Ryan"]
[Black "Amanov, Mesgen"]
[Result "0-1"]
[WhiteElo "2293"]
[BlackElo "2463"]
[PlyCount "100"]
[EventDate "2014.04.26"]
[SourceDate "2014.05.01"]

1. e4 c5 2. Nf3 d6 3. d4 cxd4 4. Nxd4 Nf6 5. Nc3 a6 6. Be2 e5 7. Nb3 Be7 8. O-O
O-O 9. Re1 Be6 10. Bf1 Nbd7 11. Nd5 Nxd5 12. exd5 Bf5 13. a4 Rc8 14. c3 Bg6 15.
a5 Bg5 16. Bxg5 Qxg5 17. Ra4 Rc7 18. Rb4 Qd8 19. Nd2 f5 20. Nc4 Qf6 21. f4 e4
22. Qc1 Bf7 23. Rd1 h6 24. Be2 Rb8 25. Qe3 Rc5 26. Nb6 Rd8 27. Nxd7 Rxd7 28.
Rb6 Rxa5 29. c4 Qd8 30. Qb3 Qc7 31. Kf1 Re7 32. Qb4 Rc5 33. Ra1 Be8 34. Qb3 Bb5
35. Rxb5 axb5 36. Ra8+ Kh7 37. Qh3 Qd7 38. g4 Rc8 39. Ra3 e3 40. Bd3 e2+ 41.
Ke1 Rxc4 42. Bxc4 bxc4 43. Re3 fxg4 44. Rxe7 Qxe7 45. Qxg4 Qe4 46. Qe6 Qd3 47.
Kf2 Qd4+ 48. Kxe2 Qxf4 49. h3 b5 50. h4 h5 0-1

[Event "2014 Heroes Day Masters"]
[Site "?"]
[Date "2014.05.01"]
[Round "10"]
[White "Amanov, Mesgen"]
[Black "Warner, Delisle"]
[Result "1-0"]
[WhiteElo "2463"]
[BlackElo "2192"]
[PlyCount "71"]
[EventDate "2014.04.26"]
[SourceDate "2014.05.01"]

1. d4 d5 2. c4 c6 3. cxd5 cxd5 4. Nf3 Nf6 5. Nc3 Nc6 6. Bf4 a6 7. Rc1 Bf5 8. e3
e6 9. Qb3 Ra7 10. Ne5 Nxe5 11. Bxe5 Nd7 12. Be2 Be7 13. g4 Nxe5 14. gxf5 Nc6
15. fxe6 fxe6 16. Bg4 Qd6 17. Na4 O-O 18. Nc5 Nd8 19. O-O Rf6 20. Nd3 Nc6 21.
Kh1 Rg6 22. h3 Bd8 23. Rg1 Bc7 24. f4 Qd8 25. Kh2 Qh4 26. Bxe6+ Rxe6 27. Qxd5
Qf6 28. Nc5 Nd8 29. Nxe6 Qxe6 30. Qxe6+ Nxe6 31. d5 Bxf4+ 32. exf4 Nxf4 33. d6
Ne6 34. Rc8+ Kf7 35. d7 Ke7 36. Rg8 1-0

[Event "2014 Heroes Day Masters"]
[Site "?"]
[Date "2014.05.01"]
[Round "10"]
[White "Farley, Terry"]
[Black "Denny, Kevin"]
[Result "0-1"]
[WhiteElo "2213"]
[BlackElo "2295"]
[PlyCount "76"]
[EventDate "2014.04.26"]
[SourceDate "2014.05.01"]

1. c4 e5 2. Nc3 Nf6 3. g3 Bb4 4. Qb3 a5 5. Bg2 O-O 6. d3 c6 7. Bg5 h6 8. Bxf6
Qxf6 9. a3 Bxc3+ 10. Qxc3 d6 11. Nf3 Re8 12. O-O d5 13. Nd2 Qd6 14. Rfc1 Bg4
15. Kf1 Be6 16. cxd5 Bxd5 17. Nc4 Bxg2+ 18. Kxg2 Qc7 19. b4 axb4 20. Qxb4 Na6
21. Qd6 Re6 22. Qxc7 Nxc7 23. a4 b5 24. Nb6 Ra5 25. Nd7 Rxa4 26. Rxa4 bxa4 27.
Nc5 Rd6 28. Nxa4 Kf8 29. Nb6 Nd5 30. Nc8 Re6 31. Na7 Ne7 32. Rb1 Ke8 33. Rb7
Kd8 34. Kf1 Rd6 35. Ke1 Rd7 36. Rb8+ Kc7 37. Rf8 f6 38. Rf7 Ng6 0-1

[Event "2014 Heroes Day Masters"]
[Site "?"]
[Date "2014.05.01"]
[Round "10"]
[White "L'Ami, Alina"]
[Black "Harper, Ryan"]
[Result "1-0"]
[WhiteElo "2415"]
[BlackElo "2293"]
[PlyCount "93"]
[EventDate "2014.04.26"]
[SourceDate "2014.05.01"]

1. d4 d5 2. c4 dxc4 3. e3 e5 4. Bxc4 exd4 5. exd4 Bd6 6. Nf3 Nf6 7. O-O O-O 8.
h3 Nc6 9. Nc3 h6 10. Be3 Ne7 11. Qb3 Nc6 12. Qd1 Bf5 13. Nh4 Bh7 14. Qf3 Nxd4
15. Bxd4 Bh2+ 16. Kxh2 Qxd4 17. Nf5 Bxf5 18. Bxf7+ Rxf7 19. Qxf5 Raf8 20. Rad1
Qb6 21. Rd2 Ne8 22. Qc2 c6 23. Ne4 Qc7+ 24. Kg1 Qf4 25. Nc5 Nc7 26. Rd3 b6 27.
Nd7 Rd8 28. Qxc6 Rc8 29. Rf3 Qd4 30. Rxf7 Kxf7 31. Ne5+ Kg8 32. Ng6 Qd8 33. Rc1
Kh7 34. Nf4 Qd2 35. g3 Qxb2 36. Qc2+ Qxc2 37. Rxc2 b5 38. Ne6 Re8 39. Nxc7 Rc8
40. Rc5 a5 41. Ne6 Rxc5 42. Nxc5 Kg6 43. f4 Kf6 44. Kf2 Ke7 45. Ke3 a4 46. Kd4
Kd6 47. Nd3 1-0